=LDR 00000nam 2200000 4500 =001 INLIS000000000028783 =005 20200616075900 =035 ##$$a 0010-061300000028783 =008 200616################g##########0#ind## =041 ##$$a Ind =082 ##$$a 2x4. 251 =090 ##$$a 2x4.1, Kea k =245 1#$$a Keajaiban sedekah : $b Berbagai keajaiban yang terjadi di balik sedekah /$c Fayet maulana =260 ##$$a Jombang,$c [S.n] =300 ##$$a 222 hlm ; $c 12,5 x 18,5 cm =650 #4$$a Sedekah =850 ##$$a NBPNMAT =084 ##$$a 2x4. 251 KEA =100 #$$a Maulana, Fayet =990 ##$$a 21001706